000 00446nam a2200181Ia 4500
005 20240823062537.0
008 240823s9999||||xx |||||||||||||| ||und||
041 _aENGLISH
082 _A302.3 N6
100 _aFowler Alan
245 0 _aNegotiation Skills and Strategies
250 _a1st
260 _b"Universities Press,Hydrabad"
500 _aTRANSFERED
650 _aNegotiation
_bManagement Studies
942 _cBK
999 _c236124
_d236124